000 01532nam a22003977a 4500
003 CHAP
005 20220329143608.0
008 100809s2010 mx r 00010 spa d
010 _a99030
011 _a100002
035 _a110688
040 _cCHAP
090 _aTesis
100 1 _aMelchor García, José.
_974321
245 1 0 _aDosificación automática de fructosa
_c/por José Melchor García
260 _aChapingo, Méx. :
_bEl autor,
_c2010
300 _aix, 57 h. :
_bilus., cuadros, gráfs.
502 _aTesis (Mtro. en Ingeniería Agrícola y Uso Integral del Agua) -- UACH. Departamento de Ingeniería Mecánica Agrícola y Departamento de Irrigación
530 _aTambién disponible en línea
590 _aALEPH
_b10
_c20130110
_lUCH01
_h1535
590 _aBATCH-UPD
_b10
_c20130110
_lUCH01
_h1451
590 _aBATCH-UPD
_b10
_c20130410
_lUCH01
_h0918
590 _aBATCH-UPD
_b10
_c20130914
_lUCH01
_h1444
590 _aBATCH-UPD
_b10
_c20140324
_lUCH01
_h1519
590 _aBATCH-UPD
_b10
_c20141002
_lUCH01
_h0844
590 _aCONVERSION
_b10
_c20130109
_lUCH01
_h1355
650 1 4 _aFructosa.
_943587
650 1 4 _aMango
_xProcesado.
_970452
650 1 4 _aMaquinaria
_xDiseño.
_971143
650 1 4 _aMermelada
_xNormas de calidad.
_975011
856 _3Finding aid
_uhttp://10.13.5.2/tesis/110688.pdf
_zTeclea aqui
901 _aBK
942 _cFOLL
949 _aTesis
_bBC
_cTES
_d33724002215058
_eTS2
_fc.2
_gDonaciØn
_h50937
_i110688
_sb
949 _aTesis
_bBC
_cTES
_d33724002215090
_eTS1
_gDonaciØn
_h50936
_i110688
_sb
999 _c99030
_d99030